000 00672nam a2200205Ia 4500
005 20260121110022.0
008 008 260114s9999 xx 000 0 hin d
020 _a9788132360520
037 _aEBOOK
040 _aCRL
_bhin
_cCRL
041 _ahin
_2hin
084 _qCRL
100 _aजगदीश कुमार / Jagdish Kumar
_9941048
245 0 _aगुणसूत्रीय क्रम परिवर्तन / Gunsutriya Kram Parivartan
260 _bभाषा प्रकाशन / Bhasha Prakashan
_c2021
856 _uhttps://bhashaprakashan.com/product-details/382695
942 _cEBOOK
999 _c1532713
_d1532713